[Event "12. Lichtenberger Sommer"]
[Site "Berlin"]
[Date "2013.08.25"]
[Round "9.101"]
[White "Baumgaertner, Andre"]
[Black "Kasper, Peter"]
[Result "1/2-1/2"]
[WhiteElo "1348"]
[BlackElo "1787"]
[PlyCount "64"]
[EventDate "2013.??.??"]
[WhiteTeam "SC Friesen Lichtenberg e.V."]
[BlackTeam "SG Eckturm"]

1. d4 d5 2. c4 e6 3. Nc3 Nf6 4. Bg5 Be7 5. e3 O-O 6. Nf3 Nbd7 7. Be2 dxc4 8.
Bxc4 a6 9. a4 b6 10. O-O Bb7 11. Rc1 h6 12. Bf4 c5 13. d5 exd5 14. Nxd5 Nxd5
15. Bxd5 Qc8 16. Bxb7 Qxb7 17. Qe2 b5 18. axb5 axb5 19. Ne5 Nxe5 20. Bxe5 Ra2
21. Qg4 g6 22. Rfd1 Qa6 23. Qf4 Qe6 24. Bd6 Bg5 25. Qg3 Rd8 26. Bxc5 Rxd1+ 27.
Rxd1 Rxb2 28. Bd4 Qd7 29. Qf3 Ra2 30. g3 Qe8 31. h4 Bd8 32. Qf4 Kh7 1/2-1/2

[Event "12. Lichtenberger Sommer"]
[Site "Berlin"]
[Date "2013.08.25"]
[Round "9.102"]
[White "Ziegel, Mandy Marie"]
[Black "Becker, Uwe"]
[Result "1-0"]
[WhiteElo "1548"]
[BlackElo "1808"]
[PlyCount "121"]
[EventDate "2013.??.??"]
[WhiteTeam "Schachclub Oranienburg e.V."]
[BlackTeam "SV Glück auf Rüdersdorf e.V."]

1. d4 d6 2. Nf3 Nf6 3. g3 c6 4. Bg2 g6 5. c4 Bg7 6. Nc3 a6 7. O-O O-O 8. Re1
Re8 9. b3 Nbd7 10. Bb2 Nf8 11. a4 Bd7 12. e4 e5 13. Qd3 Qc8 14. Ne2 Qc7 15. Nc1
Rad8 16. Qc2 Kh8 17. Nd3 Ng8 18. Rac1 f6 19. b4 Rc8 20. Qb3 Qb8 21. b5 cxb5 22.
cxb5 axb5 23. axb5 Be6 24. d5 Bd7 25. Ba3 Nh6 26. Nd2 Nf7 27. b6 f5 28. f3 Bh6
29. Rxc8 Rxc8 30. Nc4 Rd8 31. Re2 Bc8 32. Rc2 Nd7 33. Na5 Bf8 34. Rc7 Kg8 35.
Bh3 Ng5 36. Bg2 Nf7 37. h4 Be7 38. Nb2 Kf8 39. Nbc4 Nc5 40. Bxc5 dxc5 41. Qc3
Bd6 42. Nxd6 Nxd6 43. Qxe5 Rd7 44. Qh8+ Ke7 45. Qxh7+ Nf7 46. Rxc5 Qxg3 47.
Rxc8 Qe1+ 48. Kh2 Qxa5 49. Qxg6 Nd8 50. h5 Rd6 51. Rc7+ Rd7 52. Qg7+ Nf7 53.
Rxd7+ Kxd7 54. Qxf7+ Kd8 55. Qc7+ Ke8 56. Qxb7 Qe1 57. Qb8+ Kf7 58. Qg3 Qb4 59.
Qc7+ Kf6 60. b7 Qe1 61. Qg3 1-0

[Event "12. Lichtenberger Sommer"]
[Site "Berlin"]
[Date "2013.08.25"]
[Round "9.103"]
[White "Acikel, Mert"]
[Black "Kammler, Hans-Joachim"]
[Result "0-1"]
[WhiteElo "1741"]
[BlackElo "1487"]
[PlyCount "72"]
[EventDate "2013.??.??"]
[WhiteTeam "VfB Hermsdorf e.V."]
[BlackTeam "vereinslos"]

1. e4 e6 2. d4 d5 3. Nd2 Nf6 4. e5 Nfd7 5. Bd3 c5 6. c3 Nc6 7. Ne2 Qb6 8. Nf3
cxd4 9. cxd4 f6 10. exf6 Bb4+ 11. Bd2 Nxf6 12. O-O Bd6 13. Bc3 Bd7 14. Qc2 Rc8
15. Qd2 h6 16. Rad1 O-O 17. Rfe1 Qc7 18. h3 Ne4 19. Bxe4 dxe4 20. Ne5 Ne7 21.
Ng3 Nd5 22. Nxe4 Bxe5 23. dxe5 Kh8 24. Rc1 Bc6 25. Nd6 Rcd8 26. Qc2 Nf4 27. Ba5
Qxa5 28. f3 Nxh3+ 29. gxh3 Rxf3 30. Qg6 Qb6+ 31. Kh2 Qf2+ 32. Qg2 Rxh3+ 33.
Kxh3 Qxg2+ 34. Kh4 g5+ 35. Kh5 Qh3+ 36. Kg6 Rg8+ 0-1

[Event "12. Lichtenberger Sommer"]
[Site "Berlin"]
[Date "2013.08.25"]
[Round "9.104"]
[White "Gelman, Josef"]
[Black "Duric, Rajko"]
[Result "1/2-1/2"]
[WhiteElo "1570"]
[BlackElo "1737"]
[PlyCount "120"]
[EventDate "2013.??.??"]
[WhiteTeam "SC Weisse Dame e.V."]
[BlackTeam "SC Kreuzberg e.V."]

1. d4 Nf6 2. c4 d6 3. Nc3 c6 4. Bg5 Nbd7 5. e4 Qa5 6. Qd2 e5 7. d5 h6 8. Bxf6
Nxf6 9. O-O-O c5 10. f4 Nd7 11. Nf3 f6 12. fxe5 fxe5 13. Nb5 Qxd2+ 14. Nxd2 Kd8
15. Be2 a6 16. Nc3 Nf6 17. Rhf1 Bg4 18. Rde1 Bxe2 19. Rxe2 Be7 20. Rf3 Kd7 21.
a3 Rhf8 22. Ref2 Rf7 23. Kd1 Raf8 24. Ne2 Bd8 25. Nc3 Ke8 26. Ke2 Nh5 27. Rxf7
Rxf7 28. Rxf7 Kxf7 29. g3 Kg6 30. Kf3 Bg5 31. Ncb1 Nf6 32. h4 Bxd2 33. Nxd2 Kh5
34. b4 Nd7 35. Nb3 b6 36. bxc5 bxc5 37. Na5 Nb6 38. Kf2 Kg4 39. Kg2 g6 40. Kf2
g5 41. hxg5 hxg5 42. Kg2 Kh5 43. Kh3 g4+ 44. Kg2 Kg6 45. Kf2 Kf6 46. Ke3 Na4
47. Kd3 Kf7 48. Kc2 Nb6 49. Kd3 Ke8 50. Nb3 Kd8 51. Nd2 Nd7 52. Nb3 Kc7 53. Na5
Nf6 54. Ke3 Nh7 55. Kd3 Ng5 56. Ke3 Nf3 57. Ke2 Nd4+ 58. Kd3 Kb6 59. Nc6 Nxc6
60. dxc6 Kxc6 1/2-1/2

[Event "12. Lichtenberger Sommer"]
[Site "Berlin"]
[Date "2013.08.25"]
[Round "9.105"]
[White "Stiemerling, Karl-Heinz"]
[Black "Nguyen, Phuong Thuy Anh"]
[Result "0-1"]
[WhiteElo "1609"]
[BlackElo "1436"]
[PlyCount "78"]
[EventDate "2013.??.??"]
[WhiteTeam "SG Eckturm"]
[BlackTeam "Schachunion Berlin e.V."]

1. d4 d5 2. Nf3 Nf6 3. e3 Nc6 4. c4 e6 5. c5 b6 6. Bb5 Bd7 7. O-O bxc5 8. dxc5
Bxc5 9. Qc2 Qe7 10. Nd4 Nxd4 11. Bxd7+ Nxd7 12. exd4 Bb6 13. Be3 O-O 14. Nc3 c5
15. Na4 c4 16. Nxb6 Nxb6 17. a3 a5 18. Bd2 Rfc8 19. f4 Nd7 20. Rf3 Rcb8 21. Rh3
Nf6 22. Rf1 Ne4 23. Be1 f5 24. Bc3 Nxc3 25. Rxc3 a4 26. Rf2 Qd7 27. Qe2 Rb6 28.
Rc2 Rb3 29. h3 Rab8 30. Kh2 Rd3 31. Rd2 Rbb3 32. Rxd3 Rxd3 33. Qe5 Kf7 34. g4
h6 35. gxf5 exf5 36. Rg2 g6 37. Re2 h5 38. Qh8 Qd6 39. Re8 Qxf4+ 0-1

[Event "12. Lichtenberger Sommer"]
[Site "Berlin"]
[Date "2013.08.25"]
[Round "9.106"]
[White "Wolff, Marie Antoinette"]
[Black "Schmidek, Johann"]
[Result "1-0"]
[WhiteElo "1239"]
[BlackElo "1424"]
[PlyCount "61"]
[EventDate "2013.??.??"]
[WhiteTeam "Leegebrucher Schachfreunde"]
[BlackTeam "vereinslos"]

1. c4 c5 2. Nc3 Nf6 3. Nf3 d5 4. cxd5 Nxd5 5. g3 Nc6 6. Bg2 Nc7 7. O-O e5 8. d3
Bd7 9. Qc2 Be7 10. a3 a5 11. Na4 Ne6 12. Qb3 Ncd4 13. Nxd4 Nxd4 14. Qxb7 Bxa4
15. Qxa8 Qxa8 16. Bxa8 Nxe2+ 17. Kh1 O-O 18. Bg2 f6 19. Bd2 Bb5 20. Bxa5 Bxd3
21. Rfd1 c4 22. Bb4 Bxb4 23. axb4 Rb8 24. Ra8 Rxa8 25. Bxa8 f5 26. b5 Nd4 27.
b6 Be4+ 28. Bxe4 fxe4 29. b7 Nc6 30. Rd6 e3 31. fxe3 1-0

[Event "12. Lichtenberger Sommer"]
[Site "Berlin"]
[Date "2013.08.25"]
[Round "9.107"]
[White "Bui, Bao Anh Le"]
[Black "Stemmler, Frank"]
[Result "1/2-1/2"]
[WhiteElo "1102"]
[BlackElo "1377"]
[PlyCount "134"]
[EventDate "2013.??.??"]
[WhiteTeam "Treptower SV 1949 e.V."]
[BlackTeam "SG Eckturm"]

1. e4 e5 2. Nf3 Nc6 3. Bc4 Bc5 4. d3 Nf6 5. Be3 Qe7 6. Nbd2 h6 7. O-O Bb6 8. c3
Ng4 9. Bxb6 axb6 10. h3 Nf6 11. Re1 g5 12. Nh2 Na5 13. Bb3 Nxb3 14. Nxb3 d6 15.
g4 h5 16. f3 Qf8 17. Qe2 Qh6 18. Qg2 hxg4 19. hxg4 Qh4 20. Re2 Be6 21. Nc1 Nd7
22. Nf1 Qh6 23. Qh2 Qf6 24. Qg3 Ke7 25. Rg2 Rh6 26. Rh2 Rah8 27. Ne2 Nf8 28. b3
Ng6 29. Rc1 Nh4 30. Nd2 Ra8 31. Rc2 b5 32. Kf2 Ra6 33. Nf1 Rh8 34. Ne3 Rha8 35.
Nc1 Ng6 36. Rh6 Rh8 37. Qh2 Qg7 38. Rxh8 Nxh8 39. Qh5 Ra8 40. Ne2 f6 41. Ng3
Kd7 42. Nef5 Qg6 43. Qxg6 Nxg6 44. Ke3 Rh8 45. Nh5 Nf4 46. Nxf6+ Kd8 47. Nh5
Nxh5 48. gxh5 Rxh5 49. Ng7 Rh6 50. Nxe6+ Rxe6 51. Rh2 Re7 52. Rh8+ Kd7 53. Rg8
Rh7 54. Rxg5 Rh2 55. Rg7+ Kc6 56. Rg1 Rxa2 57. Rc1 Rb2 58. b4 Rh2 59. d4 Kd7
60. dxe5 dxe5 61. Rd1+ Ke6 62. Rd2 Rh1 63. Kd3 Rf1 64. Ke3 Rc1 65. Kd3 b6 66.
Rb2 Kf6 67. Rg2 Rf1 1/2-1/2

[Event "12. Lichtenberger Sommer"]
[Site "Berlin"]
[Date "2013.08.25"]
[Round "9.108"]
[White "Rose, Luis Stratos"]
[Black "Schmole-Rostosky, Joachim"]
[Result "1/2-1/2"]
[WhiteElo "1410"]
[BlackElo "1245"]
[PlyCount "65"]
[EventDate "2013.??.??"]
[WhiteTeam "SC Kreuzberg e.V."]
[BlackTeam "SF Schwarz-Weiß Merzhausen"]

1. d4 Nf6 2. c4 g6 3. Nc3 Bg7 4. Nf3 d6 5. e4 O-O 6. Be2 Nc6 7. O-O e5 8. d5
Ne7 9. Ne1 a6 10. Rb1 Ne8 11. Be3 f5 12. f3 f4 13. Bf2 g5 14. b4 h5 15. c5 Nf6
16. a4 Ng6 17. cxd6 cxd6 18. a5 g4 19. Bb6 Qe7 20. b5 g3 21. bxa6 bxa6 22. Na2
Nh7 23. hxg3 fxg3 24. f4 Qh4 25. Nf3 Qe7 26. f5 Nh4 27. Rc1 Nxf3+ 28. Rxf3 Qh4
29. Nc3 Qh2+ 30. Kf1 Qh1+ 31. Bg1 Nf6 32. Rxg3 Qh4 33. Rh3 1/2-1/2

[Event "12. Lichtenberger Sommer"]
[Site "Berlin"]
[Date "2013.08.25"]
[Round "9.109"]
[White "Jiranek, Benno"]
[Black "Lehmann, Tornalf"]
[Result "0-1"]
[WhiteElo "1480"]
[BlackElo "1680"]
[PlyCount "82"]
[EventDate "2013.??.??"]
[WhiteTeam "SC Kreuzberg e.V."]
[BlackTeam "SC Heilsbronn 1951 e.V."]

1. d4 Nf6 2. c4 e5 3. dxe5 Ng4 4. Nf3 Bc5 5. e3 Nc6 6. Be2 Ngxe5 7. O-O Nxf3+
8. Bxf3 Ne5 9. Qe2 Nxf3+ 10. Qxf3 O-O 11. b3 d6 12. Bb2 a5 13. Nc3 f5 14. Qg3
Rf7 15. Ne2 a4 16. Nf4 a3 17. Bc3 Bd7 18. Rae1 b5 19. b4 Bb6 20. c5 dxc5 21.
Rd1 cxb4 22. Ba1 c5 23. Rfe1 Bc7 24. h4 Qc8 25. e4 Bxf4 26. Qxf4 fxe4 27. Qxe4
Bc6 28. Qe5 Qg4 29. Qg3 Qf5 30. Re5 Qc2 31. Qg4 Qxf2+ 32. Kh2 Qf4+ 33. Qg3
Qxg3+ 34. Kxg3 c4 35. Bd4 b3 36. axb3 cxb3 37. Ra1 b2 38. Rb1 b4 39. Rc5 Be4
40. Rb5 Bxb1 41. Rxb4 Bg6 0-1

[Event "12. Lichtenberger Sommer"]
[Site "Berlin"]
[Date "2013.08.25"]
[Round "9.110"]
[White "Pilgrim, Wilfried"]
[Black "Lippianowski, Stefan"]
[Result "1-0"]
[WhiteElo "1508"]
[BlackElo "1245"]
[PlyCount "63"]
[EventDate "2013.??.??"]
[WhiteTeam "SC Kreuzberg e.V."]
[BlackTeam "Treptower SV 1949 e.V."]

1. Nf3 d5 2. d4 Nf6 3. Nc3 Nc6 4. Bf4 Bf5 5. a3 e5 6. Bg3 e4 7. Ne5 Ng4 8. Nxg4
Bxg4 9. Qd2 Na5 10. Nb5 Bd6 11. Nxd6+ cxd6 12. e3 Nc4 13. Bxc4 dxc4 14. Qb4 a5
15. Qxb7 Rb8 16. Qxe4+ Be6 17. d5 Qf6 18. dxe6 O-O 19. Bxd6 fxe6 20. Bxf8 Rxf8
21. O-O Qxb2 22. Qxe6+ Kh8 23. Qxc4 h6 24. Qc5 Rf6 25. Rab1 Qa2 26. g4 Qe6 27.
h3 Rf3 28. Kg2 Qf7 29. Rb8+ Kh7 30. Qe5 g6 31. h4 h5 32. Rh8# 1-0